书目信息 |
| 题名: |
学会读书
|
|
| 作者: | 叶圣陶 著 ;好读 编 | |
| 分册: | ||
| 出版信息: | 北京 北京联合出版公司 2021 |
|
| 页数: | 278页 | |
| 开本: | 20cm | |
| 丛书名: | ||
| 单 册: | ||
| 中图分类: | G792-53 , G792 | |
| 科图分类: | ||
| 主题词: | 读书方法--文集 | |
| 电子资源: | ||
| ISBN: | 978-7-5596-4715-3 | |
| 000 | 00939nam0 2200265 450 | |
| 001 | 2145696162 | |
| 005 | 20211116124143.49 | |
| 010 | @a978-7-5596-4715-3@b精装@dCNY55.00 | |
| 100 | @a20210303d2021 em y0chiy50 ea | |
| 101 | 0 | @achi |
| 102 | @aCN@b110000 | |
| 105 | @ay z 000yy | |
| 200 | 1 | @a学会读书@9xue hui du shu@dLearn to read@f叶圣陶著@g好读编@zeng |
| 210 | @a北京@c北京联合出版公司@d2021 | |
| 215 | @a278页@d20cm | |
| 300 | @a磨铁 好读 大师的阅读写作课 | |
| 330 | @a本书以教读者“学会读书”为目的,精选汉语大师叶圣陶先生有关“读书”的经典篇目,分为读书的百万理由、读书无小事、学会读书、读些什么书四个主题,内容包括:读书的态度,阅读是写作的基础,关于读古文等。 | |
| 510 | 1 | @aLearn to read@zeng |
| 606 | 0 | @a读书方法@j文集 |
| 690 | @aG792-53@v5 | |
| 690 | @aG792@v4 | |
| 701 | 0 | @a叶圣陶@9ye sheng tao@f(1894-1988)@4著 |
| 712 | 02 | @a好读@9hao du@4编 |
| 801 | 0 | @aCN@b山东中教@c20211112 |
| 905 | @aZUCC@dG792@e37 | |
| 学会读书=Learn to read/叶圣陶著/好读编.-北京:北京联合出版公司,2021 |
| 278页;20cm |
| 磨铁 好读 大师的阅读写作课 |
| ISBN 978-7-5596-4715-3(精装):CNY55.00 |
| 本书以教读者“学会读书”为目的,精选汉语大师叶圣陶先生有关“读书”的经典篇目,分为读书的百万理由、读书无小事、学会读书、读些什么书四个主题,内容包括:读书的态度,阅读是写作的基础,关于读古文等。 |
| ● |
| 相关链接 |
|
|
|
正题名:学会读书
索取号:G792/37
 
预约/预借
| 序号 | 登录号 | 条形码 | 馆藏地/架位号 | 状态 | 备注 |
| 1 | 2000886987 | 2000886987 | 第二书库/ [索取号:G792/37] | 在馆 | |
| 2 | 2000886988 | 2000886988 | 第二书库/ [索取号:G792/37] | 在馆 | |
| 3 | 2000886989 | 2000886989 | 第二书库/ [索取号:G792/37] | 在馆 |